书目信息 |
| 题名: |
监狱学概论
|
|
| 作者: | 王泰 主编 | |
| 分册: | ||
| 出版信息: | 北京 中国政法大学出版社 1996.06 |
|
| 页数: | 245页 | |
| 开本: | 32开 | |
| 丛书名: | ||
| 单 册: | ||
| 中图分类: | D916.7 | |
| 科图分类: | ||
| 主题词: | 法学--部门 | |
| 电子资源: | ||
| ISBN: | 7-5620-1478-7 | |
| 000 | 00538nam0 2200193 45 | |
| 001 | 0010232008 | |
| 005 | 20001023200811.2 | |
| 010 | @a7-5620-1478-7@d10.00元 | |
| 100 | @a20001023d1996 km y0chiy0120 ea | |
| 101 | 0 | @achi |
| 105 | @a z 000yy | |
| 200 | 1 | @a监狱学概论@AJian Yu Xue Gai Lun@f王泰主编@FWang Tai Zhu Bian |
| 210 | @a北京@c中国政法大学出版社@d1996.06 | |
| 215 | @a245页@d32开 | |
| 606 | 0 | @a法学@x部门 |
| 690 | @aD916.7@v3 | |
| 701 | 0 | @a王泰@4主编 |
| 801 | @aCN@bPftUser@c20001023 | |
| 905 | @b185133-137@dD916.7@eW.098@f5 | |
| 监狱学概论/王泰主编.-北京:中国政法大学出版社,1996.06 |
| 245页;32开 |
| ISBN 7-5620-1478-7:10.00元 |
| ● |
| 相关链接 |
|
|
|
正题名:监狱学概论
索取号:D916.7/W.098
 
预约/预借
| 序号 | 登录号 | 条形码 | 馆藏地/架位号 | 状态 | 备注 |
| 1 | 185133 | 201851335 | 社科库509/509社科库 82排5列6层/ [索取号:D916.7/W.098] | 在馆 | |
| 2 | 185134 | 201851344 | 社科库509/422社科库 41排4列5层/ [索取号:D916.7/W.098] | 在馆 | |
| 3 | 185135 | 201851353 | 社科库509/422社科库 41排4列5层/ [索取号:D916.7/W.098] | 在馆 | |
| 4 | 185136 | 201851362 | 社科库509/422社科库 41排4列5层/ [索取号:D916.7/W.098] | 在馆 | |
| 5 | 185137 | 201851371 | 社科库509/422社科库 41排4列5层/ [索取号:D916.7/W.098] | 在馆 |